00369nam a2200109Ia 4500008004100000020001800041100003300059245006400092260003900156650001400195856005000209171212s9999 xx 000 0 und d a9781925261424 aGriffiths, Mary;Barbour, Kim cGriffiths, Mary;Barbour, KimaMaking Publics, Making Places bUniversity of Adelaide Pressc2016 aSociology uhttp://jstor.org/stable/10.20851/j.ctt1t304qd